Schaum's Outline of Theory and Problems of Software Engineering (Record no. 9570)

MARC details
000 -LEADER
fixed length control field 01608cam a22004214a 4500
001 - CONTROL NUMBER
control field 12909019
003 - CONTROL NUMBER IDENTIFIER
control field OSt
005 - DATE AND TIME OF LATEST TRANSACTION
control field 20251028123734.0
008 - FIXED-LENGTH DATA ELEMENTS--GENERAL INFORMATION
fixed length control field 020828s2002 nyua 001 0 eng d
010 ## - LIBRARY OF CONGRESS CONTROL NUMBER
LC control number 2002510995
020 ## - INTERNATIONAL STANDARD BOOK NUMBER
International Standard Book Number 0071377948
020 ## - INTERNATIONAL STANDARD BOOK NUMBER
International Standard Book Number 9780071377942
035 ## - SYSTEM CONTROL NUMBER
System control number 12909019
035 ## - SYSTEM CONTROL NUMBER
System control number (OCoLC)50181346
040 ## - CATALOGING SOURCE
Original cataloging agency ORX
Transcribing agency must
Modifying agency OMP
-- DLC
042 ## - AUTHENTICATION CODE
Authentication code lccopycat
050 00 - LIBRARY OF CONGRESS CALL NUMBER
Classification number QA76.758
Item number G88 2002
082 00 - DEWEY DECIMAL CLASSIFICATION NUMBER
Classification number 620.3 GUS 2002
Edition number 22
100 1# - MAIN ENTRY--PERSONAL NAME
Personal name Gustafson, David A.
9 (RLIN) 19471
245 10 - TITLE STATEMENT
Title Schaum's Outline of Theory and Problems of Software Engineering
246 30 - VARYING FORM OF TITLE
Title proper/short title Software engineering
260 ## - PUBLICATION, DISTRIBUTION, ETC. (IMPRINT)
Place of publication, distribution, etc. New York;
Name of publisher, distributor, etc. McGraw-Hill,
Date of publication, distribution, etc. c2002.
300 ## - PHYSICAL DESCRIPTION
Extent ix, 223 p. :
Other physical details ill. ;
Dimensions 28 cm.
336 ## - CONTENT TYPE
Content type term text
Content type code txt
Source rdacontent
337 ## - MEDIA TYPE
Media type term unmediated
Media type code n
Source rdamedia
338 ## - CARRIER TYPE
Carrier type term volume
Carrier type code nc
Source rdacarrier
490 0# - SERIES STATEMENT
Series statement Schaum's outline series
500 ## - GENERAL NOTE
General note "This book is intended to be used in conjunction with a textbook or lecture notes on software engineering"-- preface.
500 ## - GENERAL NOTE
General note Includes index.
650 #0 - SUBJECT ADDED ENTRY--TOPICAL TERM
Topical term or geographic name as entry element Software engineering.
9 (RLIN) 565
650 #0 - SUBJECT ADDED ENTRY--TOPICAL TERM
Topical term or geographic name as entry element Software engineering
Form subdivision Problems, exercises, etc.
9 (RLIN) 19472
856 42 - ELECTRONIC LOCATION AND ACCESS
Materials specified Publisher description
Uniform Resource Identifier <a href="http://www.loc.gov/catdir/description/mh031/2002510995.html">http://www.loc.gov/catdir/description/mh031/2002510995.html</a>
856 42 - ELECTRONIC LOCATION AND ACCESS
Materials specified Contributor biographical information
Uniform Resource Identifier <a href="http://www.loc.gov/catdir/enhancements/fy1011/2002510995-b.html">http://www.loc.gov/catdir/enhancements/fy1011/2002510995-b.html</a>
906 ## - LOCAL DATA ELEMENT F, LDF (RLIN)
a 7
b cbc
c copycat
d 2
e ncip
f 20
g y-gencatlg
942 ## - ADDED ENTRY ELEMENTS (KOHA)
Source of classification or shelving scheme Other/Generic Classification Scheme
Koha item type Open Shelf
Holdings
Withdrawn status Lost status Source of classification or shelving scheme Damaged status Not for loan Home library Current library Date acquired Source of acquisition Inventory number Total Checkouts Full call number Barcode Date last seen Koha item type
    Dewey Decimal Classification     Main Kihumuro Campus Main Kihumuro Campus 14/10/2025 purchase 11/33455   620.3 GUS 2002 2025-0131 14/10/2025 Open Shelf